000 00194nam a22000977a 4500
003 SGT
245 _aDental Clinics of North America
260 _bSaunders
_c2002
300 _a902
942 _2ddc
_cBV
999 _c27376
_d27376